Toutes les communes de Gironde sur une carte - Statistiques

Statistiques générales
  • Ce quiz a été pris 2 431 fois
  • Le résultat moyen est 106 sur 535
Réponses sur la Carte
Les réponses sont colorées sur une échelle allant du rouge au vert en fonction du pourcentage des utilisateurs qui les ont devinées à leur premier essai. Vous pouvez retrouver ces pourcentages ci-dessous.
 
Statistiques - réponses
Commune Nombre d'habitants % Correct
Bordeaux 257068
98%
Arcachon 11567
90%
Mérignac 70813
89%
Pessac 64374
85%
Pessac-sur-Dordogne 449
84%
Libourne 24511
76%
Talence 42701
76%
Bègles 29669
75%
Lège-Cap-Ferret 8374
73%
Lacanau 5082
70%
La Teste-de-Buch 26248
70%
Cenon 25292
65%
Langon 7374
64%
Lormont 23128
64%
Saint-Médard-en-Jalles 31536
64%
Blaye 4821
62%
Villenave-de-Rions 332
62%
Villenave-d'Ornon 35278
62%
Jau-Dignac-et-Loirac 960
59%
Andernos-les-Bains 12096
58%
Bruges 18316
58%
Floirac 17882
57%
Gradignan 25435
57%
Saint-Émilion 1866
57%
Saint-Médard-d'Eyrans 3040
57%
Le Bouscat 23924
56%
Saint-Médard-de-Guizières 2385
56%
Gujan-Mestras 21543
55%
Cestas 16936
54%
Eysines 24109
54%
Soulac-sur-Mer 2819
52%
Blanquefort 15510
51%
Biganos 10921
49%
Saint-André-de-Cubzac 12051
49%
Le Haillan 11342
48%
Saint-Jean-d'Illac 8678
48%
Ambarès-et-Lagrave 16563
47%
Lesparre-Médoc 5804
47%
Léognan 10471
46%
Le Porge 3243
44%
Saint-André-du-Bois 433
44%
Saint-André-et-Appelles 682
44%
Saint-Jean-de-Blaignac 450
44%
Arès 6349
43%
Hourtin 3659
42%
Cadillac 2818
41%
Cadillac-en-Fronsadais 1277
41%
Le Teich 8205
41%
Le Verdon-sur-Mer 1331
41%
Bazas 4798
40%
Bouliac 3662
40%
Carcans 2415
40%
Le Taillan-Médoc 10118
40%
Marcheprime 4860
40%
Vendalys-Montalivet 2426
40%
La Réole 4355
39%
Les Artigues-de-Lussac 1114
39%
Mios 10398
39%
Ambès 3070
38%
Artigues-près-Bordeaux 8647
38%
Bassens 7404
38%
Carbon-Blanc 8172
38%
Pauillac 4911
38%
Créon 4764
37%
La Brède 4367
37%
Martignas-sur-Jalle 7498
37%
Sainte-Eulalie 4733
37%
Parempuyre 8963
36%
Cadaujac 6217
35%
Castillon-la-Bataille 3181
35%
Audenge 8336
34%
Le Pian-Médoc 6739
34%
Le Pian-sur-Garonne 880
34%
Belin-Béliet 5633
33%
Saint-Aubin-de-Médoc 7415
33%
Braud-et-Saint-Louis 1570
32%
Canéjan 5860
32%
Coutras 8582
32%
Lanton 7098
32%
Les Salles-de-Castillon 348
32%
Sainte-Hélène 2826
32%
Latresne 3513
31%
Saint-Aubin-de-Blaye 870
31%
Saint-Aubin-de-Branne 359
31%
Saint-Laurent-d'Arce 1463
31%
Saint-Laurent-du-Bois 247
31%
Saint-Laurent-Médoc 4767
31%
Saint-Loubès 9770
31%
Saint-Louis-de-Montferrand 2149
31%
Salles 7216
31%
Le Barp 5556
30%
Margaux-Cantenac 2920
30%
Saint-Laurent-des-Combes 257
30%
Saint-Laurent-du-Plan 88
30%
Saint-Pierre-d'Aurillac 1312
30%
Saint-Pierre-de-Mons 1213
30%
La Lande-de-Fronsac 2476
29%
La Sauve 1519
29%
Saint-Pierre-de-Bat 298
29%
Bourg 2259
28%
Castelnau-de-Médoc 4788
28%
Podensac 3187
28%
Tresses 4821
28%
Hostens 1383
27%
Martillac 3187
27%
Saint-Paul 956
27%
Izon 5878
26%
Langoiran 2140
26%
Sainte-Foy-la-Grande 2577
26%
Saint-Martin-de-Sescas 575
26%
Saint-Martin-du-Bois 853
26%
Saint-Martin-Lacaussade 1150
26%
Saint-Vincent-de-Paul 1002
26%
Sauveterre-de-Guyenne 1820
26%
Cubzac-les-Ponts 2490
25%
Landiras 2197
25%
Saint-Denis-de-Pile 5658
25%
Saint-Martin-de-laye 544
25%
Saint-Martin-de-Lerm 149
25%
Saint-Martin-deu-Puy 175
25%
Saint-Michel-de-Rieufret 814
25%
Saint-Sulpice-et-Cameyrac 4643
25%
Vayres 4053
25%
Camiac-et-Saint-Denis 362
24%
Fargues 1650
24%
Fargues-Saint-Hilaire 3005
24%
Macau 4318
24%
Pomerol 593
24%
Saint-Julien-Beychevelle 603
24%
Saint-Michel-de-Castelnau 243
24%
Saint-Michel-de-Fronsac 527
24%
Saint-Michel-de-Lapujade 228
24%
Saint-Symphorien 1834
24%
Saint-Vincent-de-Pertignas 373
24%
Sauternes 796
24%
Yvrac 2818
24%
Fronsac 1148
23%
Porte-de-Benauge 497
23%
Saint-Germain-du Puch 2186
23%
Saint-Macaire 2079
23%
Saint-Sulpice-de-Faleyrens 1330
23%
Saint-Sulpice-de-Guilleragues 230
23%
Saint-Sulpice-de-Pommiers 238
23%
Saucats 3156
23%
Arveyres 1983
22%
Beautiran 2301
22%
Camblanes-et-Maynac 2915
22%
Captieux 1287
22%
Carignan-de-Bordeaux 3971
22%
Sainte-Foy-la-Longue 127
22%
Saint-Estèphe 1600
22%
Saint-Germain-de-Grave 160
22%
Saint-Germain-d'Esteuil 1247
22%
Sallebœuf 2560
22%
Barsac 2067
21%
Beychac-et-Caillau 2268
21%
Cénac 1995
21%
Cérons 2114
21%
Ludon-Médoc 4934
21%
Pleine-Selve 218
21%
Sadirac 4371
21%
Saint-Germain-de-la-Rivière 389
21%
Saint-Seurin-sur-l'Isle 3147
21%
Villeneuve 396
21%
Arsac 3634
20%
Branne 1298
20%
Cabanac-et-Villagrains 2416
20%
Isle-Saint-Georges 523
20%
Le Temple 624
20%
Listrac-de-Durèze 172
20%
Listrac-Médoc 2774
20%
Pompignac 3073
20%
Portets 2728
20%
Saint-Ciers-sur-Gironde 3010
20%
Saint-Selve 3201
20%
Saint-Seurin-de-Bourg 406
20%
Saint-Seurin-de-Cadourne 708
20%
Saint-Seurin-de-Cursac 770
20%
Targon 2066
20%
Arbanats 1311
19%
Grayan-et-l'Hôpital 1428
19%
Montussan 3288
19%
Rions 1540
19%
Saint-Caprais-de-Bordeaux 3288
19%
Saint-Ciers-d'Abzac 1463
19%
Saint-Ciers-de-Canesse 803
19%
Saint-Vivien-de-Médoc 1789
19%
Villandraut 1089
19%
Brach 744
18%
Castres-Gironde 2392
18%
Cussac-Fort-Médoc 2294
18%
Gironde-sur-Dropt 1288
18%
Illats 1392
18%
Lalande-de-Pomerol 656
18%
Loupiac 1114
18%
Loupiac-de-la-Réole 503
18%
Monségur 1601
18%
Montagne 1524
18%
Quinsac 2213
18%
Saint-Christoly-de-Blaye 1939
18%
Saint-Christophe-des-Bardes 430
18%
Saint-Quentin-de-Baron 2499
18%
Saint-Vivien-de-Blaye 354
18%
Saint-Vivien-de-Monségur 375
18%
Abzac 1949
17%
Blaignan-Prignac 466
17%
Cambes 1681
17%
Cars 1198
17%
Lignan-de-Bazas 420
17%
Lignan-de-Bordeaux 816
17%
Lussac 1258
17%
Naujac-sur-Mer 1087
17%
Préchac 1007
17%
Preignac 2150
17%
Saint-Christoly-Médoc 279
17%
Saint-Christophe-de-Double 692
17%
Sainte-Croix-du-Mont 883
17%
Saint-Magne 1010
17%
Saint-Quentin-de-Caplong 239
17%
Saint-Sauveur 1296
17%
Toulenne 2730
17%
Béguey 1194
16%
Bernos-Beaulac 1114
16%
Camarsac 1010
16%
Castets et Castillon 1458
16%
Cissac-Médoc 2170
16%
Galgon 3001
16%
Grignols 1204
16%
Guîtres 1585
16%
Le Puy 406
16%
Moulis-en-Médoc 1853
16%
Noaillan 1682
16%
Paillet 1209
16%
Rauzan 1223
16%
Roaillan 1721
16%
Saint-Maixant 1945
16%
Saint-Sauveur-de-Puynormand 354
16%
Saint-Savin 3222
16%
Saint-Yzan-de-Soudiac 2398
16%
Saint-Yzans-de-Médoc 361
16%
Saumos 526
16%
Tabanac 1083
16%
Vensac 1003
16%
Verdelais 1026
16%
Virelade 1077
16%
Arcins 509
15%
Auros 1025
15%
Avensan 3003
15%
Ayguemorte-les-Graves 1294
15%
Baron 1164
15%
Baurech 898
15%
Blasimon 906
15%
Bommes 460
15%
Castelmoron-d’Albret 53
15%
Gauriaguet 1333
15%
Haux 830
15%
Lamarque 1315
15%
Le Tourne 805
15%
Loupes 814
15%
Lugos 948
15%
Madirac 261
15%
Prignac-et-Marcamps 1384
15%
Pujols 531
15%
Pujols-sur-Ciron 795
15%
Saint-Antoine-du-Queyret 58
15%
Saint-Antoine-sur-l’Isle 582
15%
Saint-Gervais 1892
15%
Saint-Magne-de-Castillon 2001
15%
Virsac 1102
15%
Aillas 830
14%
Bégadan 912
14%
Budos 797
14%
Cavignac 2148
14%
Civrac-de-Blaye 861
14%
Civrac-en-Médoc 675
14%
Civrac-sur-Dordogne 223
14%
Cubnezais 1575
14%
Cudos 797
14%
Frontenac 736
14%
Gauriac 737
14%
Génissac 1967
14%
Lamothe-Landerron 1199
14%
Le Nizan 514
14%
Léogeats 809
14%
Les Églisottes-et-Chalaures 2147
14%
Les Peintures 1591
14%
Le Tuzan 268
14%
Peujard 2160
14%
Pugnac 2285
14%
Puisseguin 840
14%
Queyrac 1375
14%
Saint-Brice 315
14%
Saint-Étienne-de-Lisse 213
14%
Saint-Genès-de-Blaye 485
14%
Saint-Genès-de-Castillon 386
14%
Saint-Gènes-de-Fronsac 822
14%
Saint-Genès-de-Lombaud 387
14%
Saint-Hilaire-de-la-Noaille 377
14%
Saint-Hilaire-du-Bois 78
14%
Salaunes 1131
14%
Savignac 630
14%
Savignac-de-l’Isle 500
14%
Balizac 501
13%
Bonnetan 968
13%
Bourideys 86
13%
Capian 737
13%
Cazalis 234
13%
Cours-de-Monségur 283
13%
Cours-les-Bains 220
13%
Faleyras 432
13%
Lapouyade 496
13%
Le Pout 610
13%
Les Billaux 1169
13%
Lestiac-sur-Garonne 574
13%
Louchats 734
13%
Mazères 763
13%
Pineuilh 4432
13%
Plassac 910
13%
Sablons 1307
13%
Saint-Léon 340
13%
Saint-Morillon 1718
13%
Saint-Pey-d’Armens 190
13%
Saint-Pey-de-Castets 616
13%
Saint-Philippe-d’Aiguille 374
13%
Saint-Philippe-du-Seignal 483
13%
Tauriac 1287
13%
Uzeste 450
13%
Val de Virvée 3535
13%
Valeyrac 543
13%
Vertheuil 1300
13%
Villegouge 1256
13%
Anglade 935
12%
Bagas 297
12%
Berson 1807
12%
Blaignac 287
12%
Cartelègue 1228
12%
Caudrot 1148
12%
Coimères 1034
12%
Croignon 666
12%
Cursan 654
12%
Espiet 784
12%
Eyrans 767
12%
Gaillan-en-Médoc 2334
12%
Gensac 740
12%
Labarde 593
12%
Laruscade 2800
12%
Lerm-et-Musset 477
12%
Lugon-et-l'Île-du-Carnay 1314
12%
Mauriac 240
12%
Néac 365
12%
Origne 182
12%
Pellegrue 1034
12%
Ruch 599
12%
Sainte-Radegonde 446
12%
Sainte-Terre 1896
12%
Saint-Léger-de-Balson 332
12%
Saint-Mariens 1611
12%
Saint-Pardon-de-Conques 589
12%
Saint-Romain-la-Virvée 872
12%
Baigneaux 446
11%
Bellebat 269
11%
Belvès-de-Castillon 332
11%
Blésignac 301
11%
Caplong 223
11%
Casseuil 391
11%
Castelviel 218
11%
Cessac 192
11%
Fontet 793
11%
Gans 188
11%
Giscos 181
11%
Goualade 90
11%
Gours 579
11%
Landerrouat 213
11%
La Rivière 427
11%
Laroque 283
11%
Lartigue 39
11%
Mérignas 344
11%
Monprimblanc 294
11%
Mouliets-et-Villemartin 1047
11%
Périssac 1196
11%
Petit-Palais-et-Cornemps 723
11%
Pompéjac 264
11%
Puynormand 303
11%
Sainte-Colombe 422
11%
Sainte-Florence 150
11%
Saint-Félix-de-Foncaude 289
11%
Saint-Ferme 344
11%
Saint-Sève 254
11%
Saint-Trojan 343
11%
Soulignac 430
11%
Talais 753
11%
Teuillac 882
11%
Tizac-de-Curton 340
11%
Tizac-de-Lapouyade 474
11%
Vignonet 500
11%
Bayas 457
10%
Bayon-sur-Gironde 713
10%
Bellefond 223
10%
Brannens 242
10%
Brouqueyran 198
10%
Camps-sur-l’Isle 601
10%
Cazats 418
10%
cazaugitat 234
10%
Cézac 2612
10%
Comps 547
10%
Couquèques 276
10%
Daignac 470
10%
Fours 301
10%
Gardegan-et-Tourtirac 280
10%
Guillos 451
10%
Jugazan 290
10%
Juillac 231
10%
Ladaux 195
10%
Landerrouet-sur-Ségur 98
10%
Les Esseintes 239
10%
Lucmau 242
10%
Maransin 1005
10%
Marsas 1213
10%
Montignac 138
10%
Nérigean 841
10%
Omet 303
10%
Saint-Androny 548
10%
Saint-Avit-de-Soulège 78
10%
Saint-Avit-Saint-Nazaire 1474
10%
Saint-Cibard 187
10%
Saint-Côme 321
10%
Saint-Girons-d'Aiguevives 943
10%
Saint-Hippolyte 131
10%
Saint-Palais 500
10%
Tayac 133
10%
Val-de-Livenne 1756
10%
Bieujac 629
9%
Camiran 413
9%
Cardan 503
9%
Coutures 98
9%
Donzac 118
9%
Doulezon 266
9%
Escoussans 293
9%
Francs 189
9%
Gornac 432
9%
Grézillac 696
9%
Hure 528
9%
Lados 171
9%
Lansac 720
9%
Le Fieu 514
9%
Les Lèves-et-Thoumeyragues 549
9%
Marions 215
9%
Masseilles 142
9%
Mesterrieux 227
9%
Moulon 1002
9%
Naujan-et-Postiac 595
9%
Noaillac 483
9%
Ordonnac 501
9%
Rimons 194
9%
Romagne 464
9%
Saint-Aignan 200
9%
Saint-Loubert 231
9%
Saint-Martial 241
9%
Sauviac 327
9%
Soussac 194
9%
Soussans 1643
9%
Asques 451
8%
Bonzac 745
8%
Bossugan 39
8%
Cadarsac 357
8%
Coirac 206
8%
Dardenac 87
8%
Dieulivol 341
8%
Étauliers 1484
8%
Fossès-et-Baleyssac 225
8%
La Roquille 318
8%
Marcenais 792
8%
Martres 110
8%
Montagoudin 179
8%
Mourens 384
8%
Porchères 866
8%
Reignac 1591
8%
Sainte-Gemme 187
8%
Saint-Exupéry 168
8%
Semens 214
8%
Berthez 260
7%
Cabara 510
7%
Cauvignac 162
7%
Courpiac 125
7%
Escaudes 155
7%
Flaujagues 589
7%
Générac 537
7%
Loubens 306
7%
Lugasson 299
7%
Margueron 392
7%
Massugas 227
7%
Mazion 531
7%
Mongauzy 599
7%
Morizès 547
7%
Puybarban 426
7%
Roquebrune 282
7%
Saint-Genis-du-Bois 87
7%
Sigalens 371
7%
Vérac 931
7%
Auriolles 142
6%
Barie 292
6%
Bassanne 125
6%
Chamadelle 730
6%
Daubèze 154
6%
Donnezac 910
6%
Eynesse 587
6%
Gabarnac 348
6%
Lagorce 1665
6%
Pondaurat 466
6%
Riocaud 186
6%
Saillans 394
6%
Samonac 422
6%
Saugon 480
6%
Taillecavat 289
6%
Aubiac 270
5%
Birac 230
5%
Campugnan 501
5%
Caumont 146
5%
Cleyrac 158
5%
Floudès 109
5%
Gajac 376
5%
Guillac 159
5%
Lavazan 225
5%
Marimbault 184
5%
Mombrier 424
5%
Neuffons 145
5%
Sillas 121
5%
Bourdelles 90
4%
Courbeyrac 71
4%
Labescau 123
4%
Ligueux 158
4%
Lugaignac 485
4%
Mouillac 87
4%
Sendets 339
4%
Tarnès 331
4%
Aucun quiz correspondant
Distribution des résultats
% des personnes avec chaque résultat
Percentile par nombre de réponses
Votre historique - résultats
Vous n’avez pas pris ce quiz